00342nam a2200145Ia 4500008004100000020001800041041000800059082000800067100001600075260003100091245004100122300000800163650001200171650001300183220805s9999 xx 000 0 und d a9781853263187 aeng a423 aFowler, H.W bWordsworth Referencec1994 aA dictionary of modern english usage a742 aEnglish aLanguage